| 000 | 00422 a2200157 4500 | ||
|---|---|---|---|
| 003 | OSt | ||
| 005 | 20240110154834.0 | ||
| 008 | 240110b |||||||| |||| 00| 0 eng d | ||
| 020 | _a9789382581604 | ||
| 040 | _coclc | ||
| 082 |
_a297 _bKAR/K |
||
| 245 | _aKapada vishwasiyude lakshanangal / | ||
| 260 |
_aKerala: _bDa'wa books, _c2015. |
||
| 300 | _a78p | ||
| 942 |
_2ddc _cBK _h297 _iKAR/K _k297 _mKAR/K |
||
| 999 |
_c43054 _d43054 |
||